[Event "IND-ch U13 35th"]
[Site "Puducherry"]
[Date "2022.12.11"]
[Round "1"]
[White "Borgaonkar, Akshay"]
[Black "Jaivanth, MK."]
[Result "1-0"]
[WhiteElo "2135"]
[BlackElo "1213"]
[PlyCount "83"]
[EventDate "2022.12.11"]
[EventType "swiss"]
[EventRounds "11"]
[EventCountry "IND"]
[SourceTitle "EXT 2024"]
[Source "ChessBase"]
[SourceDate "2023.10.10"]
[SourceVersion "1"]
[SourceVersionDate "2023.10.10"]
[SourceQuality "1"]

1. d4 d5 2. Bf4 Nf6 3. e3 Bf5 4. Nf3 e6 5. Bd3 Bxd3 6. Qxd3 c6 7. Nbd2 Bd6 8. Bg3 0-0 9. a3 Na6 10. b4 Bb8 11. Bh4 Bd6 12. Ne5 Nc7 13. 0-0 Nce8 14. f4 Qc7 15. Rf3 a5 16. Rb1 axb4 17. axb4 Be7 18. Rh3 g6 19. Bg5 Nh5 20. Bh6 Nhg7 21. Ndf3 Nd6 22. Ng5 Bxg5 23. fxg5 Ne4 24. Ng4 f5 25. gxf6 Nxf6 26. Bf4 Qe7 27. Bg5 Qxb4 28. Nh6+ Kh8 29. Rxb4 Ra1+ 30. Qf1 Rxf1+ 31. Kxf1 Ne4+ 32. Rf3 Nd2+ 33. Ke2 Nxf3 34. gxf3 b5 35. Be7 Re8 36. Bf6 Rf8 37. Be5 Ra8 38. Rb1 Ra7 39. Rg1 b4 40. Rg4 b3 41. Rf4 Ra8 42. Rf7 1-0